00458 a2200121 4500020001800000100003300018245004800051250000800099260004400107999001900151650001400170952015200184 a9789390595372 aSodhi, Jaspreet Kaur9181514 aEducational Technology in Nursing Education a1st bJaypee Brothers Medical Publisherc2022 c158824d158824 aEDUCATION 00102ddc4070aSNCNbSNCNd2023-05-20e102g372.00l13m1o610.73071pSNCN-BK-3201r2025-08-11 00:00:00s2025-08-02v595.00w2023-05-20yBKz3201